00464nam a2200157Ia 450000500170000000800410001708200130005810000170007124500320008826000430012030000130016365000100017694200060018695200990019299900150029120250401085943.0240331s9999 xx 000 0 und d bTHIa894 aThimilaith T 0aManchu nee malai muhil alla aBatticaloabSt Sabastian Achagamc1988 a172 p ., aNovel cL 001040708LaWERCLbWERCLcSSCd2024-03-31l0o 894.811 THIp5387r2024-03-31w2024-03-31yL c4183d4183